INVÁZNY CYKLUS DISPHARYNX NASUTA (RUDOLPHI 1819) U KURY DOMÁCEJ (GALLUS GALLUS f. DOMESTICA) NA KUBE R. 1970/1971

Podrobná bibliografia
Hlavní autori: Jurášek, Viliam, 1929-1992 (Autor), Ovies Díaz, D. (Autor), Tokarev, V. I. (Autor)
Médium: Článok
Jazyk:slovenčina

MARC

LEADER 00000nab a2200000 a 4500
001 vtls011115417
003 SK-MaSNL
005 20260303215009.0
008 230218|1974 xo |||||||||||||||||slo|
015 |a SNBRB 
035 |a (uuid)44668263-07d8-4353-826d-8d37310536ce 
035 |a (urnnbn)urn:nbn:sk:snk:ar-a08jzk 
035 |a urn:nbn:sk:snk-ab9m7j 
040 |a SNKBUCL  |b slo  |c SNKBUCL  |e AACR2 
041 0 |a slo 
044 |a xo  |c SK 
100 1 |a Jurášek, Viliam,  |d 1929-1992  |4 aut  |9 39208 
245 1 0 |a INVÁZNY CYKLUS DISPHARYNX NASUTA (RUDOLPHI 1819) U KURY DOMÁCEJ (GALLUS GALLUS f. DOMESTICA) NA KUBE R. 1970/1971  |c V. Jurášek, D. Ovies Díaz, V. I. Tokarev 
700 1 |a Ovies Díaz, D.  |4 aut  |9 1250661 
700 1 |a Tokarev, V. I.  |4 aut  |9 1250660 
773 0 |t Folia veterinaria  |g Roč. 18, č. 3-4 (1974), s. [757]-777 
954 |a odborná, vedecká literatúra pôvodná (slovenská)  |2 lita 
958 |a OND 
958 |a EUIPO 
958 |a article13 
999 |c 2219608  |d 2221538